Estadísticas para Princesas de Disney

Haz click aquí para intentar la prueba.

Estadísticas generales

  • Esta prueba ha sido intentada 6.111 veces
    (317 desde el último reinicio)
  • La puntuación promedio es 10 de 13

Estadísticas de respuestas

PelículaPrincesa% Correcto
La ____ y la BestiaBella
98%
_________ y los Siete EnanitosBlancanieves
95%
La SirenitaAriel
94%
EnredadosRapunzel
88%
La ________Cenicienta
85%
AladdinJasmín
84%
La Bella DurmienteAurora
79%
La Princesa y el SapoTiana
77%
Brave / ValienteMérida
73%
_____Mulán
69%
________Pocahontas
60%
_____Moana
53%
____ y el último dragónRaya
52%

Distribución de puntuación

Porcentaje por número respondido

Porcentaje de gente con cada puntuación

Historial de tus puntuaciones

No has intentado esta prueba desde el último reinicio